[Event "XI Open Amateur de Calvia"]
[Site "Calvia - Mallorca"]
[Date "2014.10.05"]
[Round "2"]
[Board "35"]
[White "Ramis Sebastia, Jordi Salvador"]
[Black "Arias Castanedo, Jacinto"]
[Result "0-1"]
[WhiteElo "1646"]
[BlackElo "1863"]
[PlyCount "82"]
[EventDate "2014.10.04"]
[EventRounds "9"]
[EventCountry "ESP"]

1. d4 d5 2. c4 e6 3. Nc3 Nf6 4. Bg5 Be7 5. e3 c6 6. Bd3 Nbd7 7. Nge2 O-O 8. f3
dxc4 9. Bxc4 Nd5 10. Bxe7 Qxe7 11. O-O Nxe3 12. Qd3 Nxf1 13. Kxf1 c5 14. Bb3
cxd4 15. Qxd4 a6 16. Ne4 Nf6 17. Ng5 h6 18. Ne4 Rd8 19. Nxf6+ Qxf6 20. Qb6 e5
21. Qc7 Rd7 22. Qc3 b5 23. Ng3 Bb7 24. Re1 Re8 25. Bc2 g6 26. Qe3 Kg7 27. b4
Qc6 28. Bb3 f5 29. Qf2 Rc7 30. Ne2 Qd6 31. a3 e4 32. Nc1 Qxh2 33. Qd4+ Kh7 34.
Qf6 exf3 35. Rxe8 fxg2+ 36. Ke2 g1=Q+ 37. Kd3 Be4+ 38. Rxe4 fxe4+ 39. Kxe4 Qe1+
40. Kd4 Rd7+ 41. Kc5 Qc7+ 0-1

[Event "XI Open Amateur de Calvia"]
[Site "Calvia - Mallorca"]
[Date "2014.10.05"]
[Round "2"]
[Board "36"]
[White "Oliver Font, Jose Luis"]
[Black "Driessen Llado, Pedro"]
[Result "1-0"]
[WhiteElo "1857"]
[BlackElo "1632"]
[PlyCount "51"]
[EventDate "2014.10.04"]
[EventRounds "9"]
[EventCountry "ESP"]

1. e4 c5 2. Nf3 d6 3. d4 cxd4 4. Nxd4 Nf6 5. Nc3 a6 6. Be2 e5 7. Nb3 Be6 8. Bf3
Nbd7 9. O-O b5 10. Be3 Nb6 11. Nd5 Nbxd5 12. exd5 Bf5 13. Qd2 a5 14. a4 b4 15.
Rfc1 Be7 16. c3 bxc3 17. Rxc3 O-O 18. Rc6 Rb8 19. Nxa5 Be4 20. Bxe4 Nxe4 21.
Qe1 Rxb2 22. Nc4 Rb7 23. Bb6 Rxb6 24. Nxb6 Nc5 25. a5 Qb8 26. a6 1-0

[Event "XI Open Amateur de Calvia"]
[Site "Calvia - Mallorca"]
[Date "2014.10.05"]
[Round "2"]
[Board "38"]
[White "Garcia Alvarez, Javier Ii"]
[Black "Cassidy, Sydney"]
[Result "1/2-1/2"]
[WhiteElo "1812"]
[BlackElo "1600"]
[PlyCount "69"]
[EventDate "2014.10.04"]
[EventRounds "9"]
[EventCountry "ESP"]

1. f4 Nf6 2. e3 e6 3. Nf3 b6 4. b3 Bb7 5. Bb2 Be7 6. Be2 O-O 7. O-O d6 8. h3
Nbd7 9. c4 Re8 10. Nc3 Nc5 11. d3 a6 12. Nh2 Rb8 13. g4 e5 14. f5 Bc6 15. e4 b5
16. Rb1 bxc4 17. bxc4 Rb7 18. Ba3 Rxb1 19. Qxb1 Nfd7 20. Nf3 Qb8 21. Qxb8 Rxb8
22. Rb1 Na4 23. Rxb8+ Nxb8 24. Nxa4 Bxa4 25. Nxe5 Bf6 26. Nf3 Bc2 27. c5 dxc5
28. Bxc5 Nd7 29. Bd4 Be7 30. Ne5 Nc5 31. Nc6 Bf8 32. Bxc5 Bxc5+ 33. d4 Ba3 34.
e5 Bb1 35. Bc4 1/2-1/2

[Event "XI Open Amateur de Calvia"]
[Site "Calvia - Mallorca"]
[Date "2014.10.05"]
[Round "2"]
[Board "41"]
[White "Lichii, Elizaveta"]
[Black "Terradas Calafell, Jaume"]
[Result "1/2-1/2"]
[WhiteElo "1593"]
[BlackElo "1758"]
[PlyCount "56"]
[EventDate "2014.10.04"]
[EventRounds "9"]
[EventCountry "ESP"]

1. e4 e6 2. d4 d5 3. Nc3 Nf6 4. e5 Nfd7 5. f4 c5 6. Nf3 Nc6 7. Be3 Be7 8. a3 a6
9. Qd2 b5 10. dxc5 Qa5 11. Nd4 Nxd4 12. Bxd4 Qc7 13. b4 f6 14. Qe3 fxe5 15.
Bxe5 Nxe5 16. Qxe5 Qxe5+ 17. fxe5 O-O 18. Bd3 Bg5 19. Rf1 Bf4 20. g3 Bxe5 21.
Rxf8+ Kxf8 22. Kd2 g6 23. a4 bxa4 24. Rxa4 Bb7 25. Ra5 Bc7 26. Ra4 Ke7 27. b5
axb5 28. Rh4 Rh8 1/2-1/2

[Event "XI Open Amateur de Calvia"]
[Site "Calvia - Mallorca"]
[Date "2014.10.05"]
[Round "2"]
[Board "42"]
[White "Abrines Sampol, Llorenç"]
[Black "Porcel Jimenez, Ramon"]
[Result "1-0"]
[WhiteElo "1756"]
[BlackElo "1414"]
[PlyCount "71"]
[EventDate "2014.10.04"]
[EventRounds "9"]
[EventCountry "ESP"]

1. e4 g6 2. c4 Bg7 3. d4 d6 4. Nc3 Nf6 5. h3 O-O 6. Be2 Nbd7 7. f4 e5 8. Be3
exf4 9. Bxf4 Re8 10. Qc2 b6 11. Nf3 Bb7 12. d5 Nc5 13. Nd2 Ncd7 14. O-O-O Ne5
15. g4 c6 16. Rhf1 cxd5 17. Nxd5 Nxd5 18. exd5 Rc8 19. Ne4 Qd7 20. Ng5 Ba6 21.
Bxe5 Bxe5 22. Rxf7 Qxf7 23. Nxf7 Kxf7 24. Rf1+ Kg7 25. b3 b5 26. Kd1 Bb7 27.
Qd3 bxc4 28. bxc4 Ba6 29. Qb3 Rb8 30. Qa4 Bb7 31. Qd7+ Kh6 32. h4 g5 33. hxg5+
Kxg5 34. Qf5+ Kh6 35. Bd3 Rg8 36. Rh1+ 1-0

[Event "XI Open Amateur de Calvia"]
[Site "Calvia - Mallorca"]
[Date "2014.10.05"]
[Round "2"]
[Board "45"]
[White "Ferrer Agus, Rodrigo"]
[Black "Torres Mari, Juan"]
[Result "0-1"]
[WhiteElo "1331"]
[BlackElo "1730"]
[PlyCount "38"]
[EventDate "2014.10.04"]
[EventRounds "9"]
[EventCountry "ESP"]

1. e4 c5 2. Nc3 e5 3. Nf3 Nc6 4. Bb5 d6 5. d3 Bg4 6. Bd2 Nf6 7. Nd5 Be7 8. c4
O-O 9. O-O Nd4 10. Bc3 Nxf3+ 11. gxf3 Bh3 12. Re1 Nxd5 13. cxd5 Bh4 14. f4 exf4
15. Qf3 Qg5+ 16. Kh1 Bg4 17. Qg2 Qh5 18. Bd7 Bf3 19. Rg1 Bxg2+ 0-1

[Event "XI Open Amateur de Calvia"]
[Site "Calvia - Mallorca"]
[Date "2014.10.06"]
[Round "3"]
[Board "2"]
[White "Longa Yauca, Javier"]
[Black "Melich, Jindrich"]
[Result "1-0"]
[WhiteElo "2277"]
[BlackElo "2084"]
[PlyCount "113"]
[EventDate "2014.10.04"]
[EventRounds "9"]
[EventCountry "ESP"]

1. d4 g6 2. e4 d6 3. Nc3 Nf6 4. Nf3 Bg7 5. h3 O-O 6. Bg5 c6 7. Qd2 Re8 8. O-O-O
Qa5 9. Kb1 Nbd7 10. Bd3 e5 11. Rhe1 b5 12. a3 Bb7 13. Bf1 a6 14. Bh6 Nf8 15.
Bxg7 Kxg7 16. dxe5 dxe5 17. Qe3 Qc7 18. Qc5 N6d7 19. Qd6 Rac8 20. Qxc7 Rxc7 21.
Rd6 Re7 22. Red1 Nc5 23. Re1 Rcd7 24. Rxd7 Ncxd7 25. Nd2 c5 26. f3 Re6 27. b3
Nb6 28. Kc1 b4 29. axb4 cxb4 30. Nd1 Nfd7 31. Ne3 f6 32. Ndc4 Nxc4 33. Nxc4 Nb6
34. Rd1 h5 35. Rd6 Rxd6 36. Nxd6 Bc6 37. Bxa6 h4 38. Kd2 Kf8 39. c3 Ke7 40. Nc4
bxc3+ 41. Kxc3 Nxc4 42. Bxc4 Kd6 43. Kb4 Bd7 44. Ka5 Kc7 45. b4 f5 46. b5 fxe4
47. fxe4 g5 48. b6+ Kb8 49. Kb4 Kb7 50. Kc5 g4 51. Bd5+ Kc8 52. hxg4 Bxg4 53.
Kd6 Be2 54. Kxe5 Bf1 55. Be6+ Kb7 56. Bh3 Kxb6 57. Kd6 1-0

[Event "XI Open Amateur de Calvia"]
[Site "Calvia - Mallorca"]
[Date "2014.10.06"]
[Round "3"]
[Board "3"]
[White "Bebchuk, Leonid"]
[Black "Galiana Salom, Juan Ramon"]
[Result "1-0"]
[WhiteElo "2063"]
[BlackElo "2263"]
[PlyCount "139"]
[EventDate "2014.10.04"]
[EventRounds "9"]
[EventCountry "ESP"]

1. e4 e6 2. d4 d5 3. Nd2 Nf6 4. e5 Nfd7 5. Bd3 c5 6. c3 Nc6 7. Ne2 cxd4 8. cxd4
f6 9. exf6 Nxf6 10. Nf3 Bd6 11. O-O Qc7 12. Nc3 a6 13. Bg5 O-O 14. Bh4 g6 15.
Bg3 Bxg3 16. hxg3 Qg7 17. Qd2 Ng4 18. Bc2 Bd7 19. Rad1 b5 20. Qg5 Nh6 21. Rfe1
Rac8 22. Bb1 Rf6 23. Ne5 Nf7 24. Qd2 Nd6 25. b3 Rff8 26. Rc1 Nxe5 27. dxe5 Ne8
28. f4 Qe7 29. Ne2 Qa3 30. Rxc8 Bxc8 31. Qc1 Qa5 32. a3 Qb6+ 33. Kf1 Ng7 34. b4
Bd7 35. Qc5 Qb8 36. Rc1 Rc8 37. Qe3 Rc4 38. Bd3 Rxc1+ 39. Qxc1 Kf7 40. Qc5 Qc8
41. Qxc8 Bxc8 42. g4 Ne8 43. Kf2 Ke7 44. Ke3 Bb7 45. Kd4 Ng7 46. Ng3 Kf7 47.
Ne2 Ke7 48. Ng1 Kd7 49. Nf3 Kc7 50. Ng5 h5 51. Bxg6 hxg4 52. g3 Bc6 53. Nh7 Kd8
54. Nf6 Be8 55. Bxe8 Nxe8 56. Nxg4 Ng7 57. Ne3 Nh5 58. Nf1 Kd7 59. Ke3 Ke7 60.
g4 Ng7 61. Kd4 Kd7 62. Ne3 Kc6 63. f5 exf5 64. gxf5 Nh5 65. Nxd5 Ng3 66. Ne3
Ne2+ 67. Ke4 Nc3+ 68. Kf4 Nb1 69. f6 Kd7 70. Kf5 1-0

[Event "XI Open Amateur de Calvia"]
[Site "Calvia - Mallorca"]
[Date "2014.10.06"]
[Round "3"]
[Board "4"]
[White "Gromovs, Sergejs"]
[Black "Planas Gene, Juan"]
[Result "1-0"]
[WhiteElo "2243"]
[BlackElo "2050"]
[PlyCount "59"]
[EventDate "2014.10.04"]
[EventRounds "9"]
[EventCountry "ESP"]

1. d4 d5 2. c4 c6 3. Nf3 Nf6 4. Nc3 e6 5. Bg5 h6 6. Bxf6 Qxf6 7. Qb3 Nd7 8. e4
dxc4 9. Bxc4 b5 10. Be2 e5 11. d5 Nc5 12. Qc2 b4 13. Na4 Nxa4 14. Qxa4 Bd7 15.
Rc1 c5 16. Bb5 Rd8 17. O-O Be7 18. Rfd1 Qd6 19. a3 bxa3 20. bxa3 O-O 21. Bxd7
Rxd7 22. Nxe5 Rb7 23. Nc6 Bg5 24. e5 Qg6 25. f4 Bd8 26. Qc2 Qg4 27. Qd2 Bb6 28.
Rc4 Rd7 29. h3 Qg6 30. e6 1-0

[Event "XI Open Amateur de Calvia"]
[Site "Calvia - Mallorca"]
[Date "2014.10.06"]
[Round "3"]
[Board "5"]
[White "Spence, David J"]
[Black "Sokalskaja, Elena"]
[Result "1-0"]
[WhiteElo "2222"]
[BlackElo "2032"]
[PlyCount "56"]
[EventDate "2014.10.04"]
[EventRounds "9"]
[EventCountry "ESP"]

1. e4 c6 2. d4 d5 3. Nd2 g6 4. h3 Bg7 5. Ngf3 Nh6 6. c3 O-O 7. Bd3 dxe4 8. Nxe4
Nf5 9. O-O Nd7 10. Re1 e5 11. dxe5 Nxe5 12. Nxe5 Bxe5 13. g4 Nd6 14. Bg5 Qc7
15. Nf6+ Bxf6 16. Bxf6 Be6 17. Qd2 Ne8 18. Bh4 Kg7 19. c4 h6 20. Rad1 Kh7 21.
Bg3 Qc8 22. Bf4 h5 23. gxh5 Bxh3 24. hxg6+ fxg6 25. Re7+ Kg8 26. Bg3 Qg4 27.
Rde1 Rd8 28. Qh6 Rxd3 1-0

[Event "XI Open Amateur de Calvia"]
[Site "Calvia - Mallorca"]
[Date "2014.10.06"]
[Round "3"]
[Board "6"]
[White "Ponce Cano, Adrian"]
[Black "Gavrish, Leonid"]
[Result "1/2-1/2"]
[WhiteElo "1996"]
[BlackElo "2217"]
[PlyCount "77"]
[EventDate "2014.10.04"]
[EventRounds "9"]
[EventCountry "ESP"]

1. e4 d6 2. d4 Nf6 3. Nc3 g6 4. Bc4 Bg7 5. f3 c6 6. Bb3 d5 7. e5 Nfd7 8. Be3 e6
9. Qd2 c5 10. f4 cxd4 11. Bxd4 Nc6 12. Nf3 Nxd4 13. Nxd4 a6 14. O-O-O Nc5 15.
Qf2 b5 16. Kb1 Qb6 17. Bxd5 exd5 18. Nxd5 Qb7 19. Nxb5 O-O 20. Nd6 Qa7 21. Qh4
Kh8 22. Nf6 h6 23. Rhf1 Rb8 24. f5 Qb6 25. b3 Qb4 26. Qxb4 Rxb4 27. Nd5 Rg4 28.
f6 Rxg2 29. fxg7+ Kxg7 30. b4 Na4 31. Rd3 Be6 32. Nf4 Rxh2 33. Nxe6+ fxe6 34.
Rg1 Rf4 35. a3 Rff2 36. Ne4 Rxc2 37. Nf6 Kh8 38. Rd8+ Kg7 39. Rd7+ 1/2-1/2

[Event "XI Open Amateur de Calvia"]
[Site "Calvia - Mallorca"]
[Date "2014.10.06"]
[Round "3"]
[Board "7"]
[White "Alfven, Jorgen"]
[Black "Stark, Ingo"]
[Result "1-0"]
[WhiteElo "1929"]
[BlackElo "2128"]
[PlyCount "99"]
[EventDate "2014.10.04"]
[EventRounds "9"]
[EventCountry "ESP"]

1. d4 Nf6 2. c4 e6 3. Nf3 c5 4. d5 exd5 5. cxd5 d6 6. Nc3 g6 7. e4 Bg7 8. h3
O-O 9. Bd3 b5 10. Nxb5 Nxe4 11. Bxe4 Re8 12. Ng5 f5 13. O-O fxe4 14. Re1 a6 15.
Nc3 Be5 16. Ncxe4 Nd7 17. Ne6 Qb6 18. f4 Bh8 19. Qf3 Bb7 20. Nc3 Re7 21. Qg3
Rf7 22. h4 Nf6 23. Ng5 Rff8 24. Ne6 Rf7 25. Ng5 Rff8 26. Qf3 Rae8 27. Ne6 Rf7
28. f5 Nd7 29. g4 Bd4+ 30. Kh1 Ne5 31. Qg2 Kh8 32. Bg5 Nd3 33. Rf1 Nb4 34. fxg6
Rxf1+ 35. Rxf1 hxg6 36. Qe4 Bxc3 37. Qxg6 Bxd5+ 38. Kh2 Be5+ 39. Kh3 Bg2+ 40.
Kxg2 Qb7+ 41. Kh3 Rb8 42. Qh6+ Kg8 43. Bf6 Bxf6 44. Qxf6 Nxa2 45. Qg6+ Kh8 46.
Qh6+ Kg8 47. Rf8+ Rxf8 48. Qxf8+ Kh7 49. Ng5+ Kg6 50. Qf5+ 1-0

[Event "XI Open Amateur de Calvia"]
[Site "Calvia - Mallorca"]
[Date "2014.10.06"]
[Round "3"]
[Board "9"]
[White "Andreu Lopez, Santiago"]
[Black "Lalic, Peter D"]
[Result "0-1"]
[WhiteElo "1939"]
[BlackElo "2161"]
[PlyCount "118"]
[EventDate "2014.10.04"]
[EventRounds "9"]
[EventCountry "ESP"]

1. e4 c6 2. d4 d5 3. exd5 cxd5 4. Bd3 Nc6 5. Ne2 Bg4 6. c3 e6 7. O-O Qc7 8. f3
Bh5 9. Bf4 Bd6 10. Bg3 Bg6 11. Na3 a6 12. Nc2 Nge7 13. Ne3 O-O 14. f4 Bxd3 15.
Qxd3 f5 16. c4 Nb4 17. Qb3 dxc4 18. Nxc4 Nbd5 19. Rac1 Nc6 20. Ne5 Bxe5 21.
dxe5 Qb6+ 22. Qxb6 Nxb6 23. Rfd1 Nd5 24. Bf2 Kf7 25. g3 Rfd8 26. Bc5 Rac8 27.
Bd6 g6 28. Kf2 Ke8 29. a3 Na5 30. Nd4 Kd7 31. a4 Nc4 32. Ba3 Nce3 33. Re1 Nc4
34. Nc2 Nd2 35. Nb4 Ne4+ 36. Ke2 Nxb4 37. Bxb4 Rxc1 38. Rxc1 Rc8 39. Rxc8 Kxc8
40. Ke3 Kd7 41. g4 Kc6 42. g5 Kd5 43. b3 b6 44. Kd3 Nf2+ 45. Ke2 Ne4 46. Ke3 a5
47. Be7 Kc6 48. Kd3 Kd5 49. Ba3 Nf2+ 50. Ke2 Ne4 51. Ke3 Kc6 52. Be7 Nc3 53.
Ba3 Nd5+ 54. Kf3 b5 55. axb5+ Kxb5 56. Bd6 Nc3 57. Ke3 Ne4 58. Ba3 Nc3 59. Be7
Nd5+ 0-1

[Event "XI Open Amateur de Calvia"]
[Site "Calvia - Mallorca"]
[Date "2014.10.06"]
[Round "3"]
[Board "12"]
[White "Obers, Frits"]
[Black "Jouanneaud, Jean Daniel"]
[Result "1/2-1/2"]
[WhiteElo "2081"]
[BlackElo "1960"]
[PlyCount "47"]
[EventDate "2014.10.04"]
[EventRounds "9"]
[EventCountry "ESP"]

1. c4 f5 2. g3 Nf6 3. Bg2 d6 4. Nc3 g6 5. d3 Bg7 6. e4 Nc6 7. Nge2 O-O 8. O-O
fxe4 9. dxe4 e5 10. Nd5 Ne7 11. Nec3 Be6 12. b3 Qd7 13. Bg5 Rad8 14. Qd2 c6 15.
Nxe7+ Qxe7 16. Rac1 Rd7 17. h3 Kh8 18. Qe3 b6 19. Rcd1 Qe8 20. Rd3 Qb8 21. Rfd1
Ne8 22. Kh2 Bf6 23. h4 Qd8 24. R1d2 1/2-1/2

[Event "XI Open Amateur de Calvia"]
[Site "Calvia - Mallorca"]
[Date "2014.10.06"]
[Round "3"]
[Board "13"]
[White "Pena Torres, Jose Carlos"]
[Black "Sanchez Camino, Jose"]
[Result "1/2-1/2"]
[WhiteElo "2043"]
[BlackElo "1825"]
[PlyCount "35"]
[EventDate "2014.10.04"]
[EventRounds "9"]
[EventCountry "ESP"]

1. e4 e5 2. Nf3 Nc6 3. Bb5 a6 4. Ba4 Nf6 5. O-O d6 6. Re1 Be7 7. c3 b5 8. Bb3
O-O 9. d4 Bg4 10. d5 Na5 11. h3 Bxf3 12. Qxf3 Nxb3 13. axb3 Qd7 14. b4 Rac8 15.
Nd2 c6 16. dxc6 Qxc6 17. Nf1 Qb7 18. Bg5 1/2-1/2

[Event "XI Open Amateur de Calvia"]
[Site "Calvia - Mallorca"]
[Date "2014.10.06"]
[Round "3"]
[Board "17"]
[White "Rodriguez Garcia, Jesus"]
[Black "Hoyer, Jacob"]
[Result "0-1"]
[WhiteElo "1895"]
[BlackElo "2193"]
[PlyCount "92"]
[EventDate "2014.10.04"]
[EventRounds "9"]
[EventCountry "ESP"]

1. Nf3 Nf6 2. c4 g6 3. Nc3 c5 4. g3 b6 5. Bg2 Bb7 6. O-O Bg7 7. d3 O-O 8. e4
Nc6 9. h3 e6 10. Re1 a6 11. e5 Ne8 12. Bf4 d6 13. exd6 Nxd6 14. Qd2 Nf5 15. g4
Nfd4 16. Nxd4 Qxd4 17. Be3 Qd7 18. Rad1 Nd4 19. Bxd4 Bxd4 20. Bxb7 Qxb7 21. Qe2
Rfd8 22. Ne4 Qc7 23. Kg2 Qf4 24. Qd2 Qxd2 25. Rxd2 h6 26. f3 Rd7 27. Kf1 Rad8
28. Ke2 f5 29. Nc3 Kf7 30. Nd1 Kf6 31. h4 Be5 32. Nc3 Rd4 33. Rg1 h5 34. Nd1
hxg4 35. fxg4 Rh8 36. gxf5 gxf5 37. Nf2 Rdxh4 38. Rdd1 Rh2 39. Kf1 Bxb2 40. Rg2
Bd4 41. Rb1 Rh1+ 42. Rg1 Bxf2 43. Kxf2 R8h2+ 44. Kf1 Rxg1+ 45. Kxg1 Rxa2 46.
Rxb6 Ke5 0-1

[Event "XI Open Amateur de Calvia"]
[Site "Calvia - Mallorca"]
[Date "2014.10.06"]
[Round "3"]
[Board "19"]
[White "Hoenick, Andreas"]
[Black "Arias Castanedo, Jacinto"]
[Result "1-0"]
[WhiteElo "2141"]
[BlackElo "1863"]
[PlyCount "47"]
[EventDate "2014.10.04"]
[EventRounds "9"]
[EventCountry "ESP"]

1. d4 d5 2. c4 e6 3. Nf3 Be7 4. g3 Nf6 5. Bg2 O-O 6. O-O Nbd7 7. Qc2 a6 8. Nbd2
b6 9. Ne5 Bb7 10. cxd5 Nxd5 11. Nc6 Bxc6 12. Qxc6 N7f6 13. a3 Qd7 14. Qc2 b5
15. Nf3 Rfc8 16. Ne5 Qe8 17. Nc6 Nd7 18. e4 N5b6 19. b3 Nb8 20. Nxe7+ Qxe7 21.
Be3 N8d7 22. Rfc1 c6 23. a4 bxa4 24. Rxa4 1-0

[Event "XI Open Amateur de Calvia"]
[Site "Calvia - Mallorca"]
[Date "2014.10.06"]
[Round "3"]
[Board "20"]
[White "Schuermans, Robert"]
[Black "Oliver Font, Jose Luis"]
[Result "1-0"]
[WhiteElo "2085"]
[BlackElo "1857"]
[PlyCount "94"]
[EventDate "2014.10.04"]
[EventRounds "9"]
[EventCountry "ESP"]

1. e4 e6 2. d4 d5 3. Nc3 Nf6 4. Bg5 Bb4 5. e5 h6 6. Bd2 Bxc3 7. bxc3 Ne4 8. Qg4
g6 9. Bd3 Nxd2 10. Kxd2 c5 11. Rb1 Nc6 12. Nf3 cxd4 13. cxd4 Qe7 14. c3 Na5 15.
Qf4 Bd7 16. Qf6 Rg8 17. Rb4 Bc6 18. h4 Kd7 19. Nh2 h5 20. Nf3 Nc4+ 21. Bxc4
dxc4 22. Qxe7+ Kxe7 23. Ke3 Bd5 24. Rhb1 Rac8 25. Ng5 b6 26. f3 f6 27. Nh7 fxe5
28. dxe5 Rc5 29. Rd1 Ra5 30. Rb2 Rc8 31. Nf6 Rcc5 32. g4 Bc6 33. f4 hxg4 34.
Nxg4 Rd5 35. Rbd2 Ra3 36. Rxd5 Bxd5 37. Kd4 Rxa2 38. Ne3 Bf3 39. Rg1 Bh5 40.
Nxc4 Rh2 41. Ra1 Rxh4 42. Rxa7+ Kd8 43. Nxb6 Rxf4+ 44. Kc5 Ke8 45. Kd6 Bg4 46.
Re7+ Kd8 47. Rg7 Rf8 1-0

[Event "XI Open Amateur de Calvia"]
[Site "Calvia - Mallorca"]
[Date "2014.10.06"]
[Round "3"]
[Board "23"]
[White "Berendsen, Markus"]
[Black "Molet, Asher"]
[Result "0-1"]
[WhiteElo "2017"]
[BlackElo "1783"]
[PlyCount "42"]
[EventDate "2014.10.04"]
[EventRounds "9"]
[EventCountry "ESP"]

1. c4 e6 2. Nc3 d5 3. d4 Nf6 4. cxd5 exd5 5. Bg5 Nbd7 6. Nf3 Be7 7. e3 O-O 8.
Bd3 Re8 9. O-O Nf8 10. Qc2 c6 11. Rab1 Ng6 12. b4 Ne4 13. Bxe7 Qxe7 14. b5 Bg4
15. Nd2 Nxd2 16. Qxd2 Nh4 17. Kh1 Nf3 18. Qd1 Nxh2 19. Be2 Qh4 20. Kg1 Bxe2 21.
Qxe2 Ng4 0-1

[Event "XI Open Amateur de Calvia"]
[Site "Calvia - Mallorca"]
[Date "2014.10.06"]
[Round "3"]
[Board "26"]
[White "Vallbona Domingo, Joan"]
[Black "Abrines Sampol, Llorenç"]
[Result "1-0"]
[WhiteElo "2005"]
[BlackElo "1756"]
[PlyCount "79"]
[EventDate "2014.10.04"]
[EventRounds "9"]
[EventCountry "ESP"]

1. Nf3 c5 2. c4 Nc6 3. g3 e5 4. Nc3 Nf6 5. d3 Be7 6. Bg2 O-O 7. O-O d6 8. a3
Bf5 9. Re1 h5 10. Rb1 Rb8 11. b4 Qc8 12. Bg5 Nh7 13. Bxe7 Nxe7 14. Qa4 a6 15.
b5 Nf6 16. bxa6 bxa6 17. Nd2 Rxb1 18. Rxb1 Bh3 19. Bb7 Qf5 20. Bf3 g5 21. Qxa6
g4 22. Bh1 Qg5 23. Nde4 Qh6 24. Nxf6+ Qxf6 25. Ne4 Qh6 26. Qxd6 Nf5 27. Qxh6
Nxh6 28. Nxc5 Rc8 29. Nd7 Kg7 30. Nxe5 Nf5 31. e3 Rd8 32. Bd5 Kf6 33. d4 h4 34.
Rb6+ Kg7 35. Nxf7 Rxd5 36. cxd5 Kxf7 37. a4 hxg3 38. hxg3 Ke7 39. a5 Nd6 40.
Rxd6 1-0

[Event "XI Open Amateur de Calvia"]
[Site "Calvia - Mallorca"]
[Date "2014.10.06"]
[Round "3"]
[Board "27"]
[White "Chabert, Pierre"]
[Black "Dugailliez, Guy"]
[Result "0-1"]
[WhiteElo "1693"]
[BlackElo "1958"]
[PlyCount "62"]
[EventDate "2014.10.04"]
[EventRounds "9"]
[EventCountry "ESP"]

1. e4 Nf6 2. e5 Nd5 3. c4 Nb6 4. d4 d6 5. exd6 exd6 6. Bd3 Be7 7. Ne2 Nc6 8. a3
Bf6 9. Be3 Bg4 10. f3 Bh5 11. O-O Qd7 12. Qc2 Bg6 13. Nbc3 Nxc4 14. Bf2 d5 15.
b3 Nb6 16. Rfe1 O-O 17. Bxg6 fxg6 18. Rac1 Rae8 19. Qd3 a6 20. Rcd1 Re7 21. Nc1
Rfe8 22. Rxe7 Rxe7 23. Qd2 Qe8 24. Kf1 h6 25. N3e2 Bg5 26. f4 Bf6 27. Nd3 g5
28. g3 Qh5 29. Bg1 Qf3+ 30. Nf2 Qxb3 31. Nd3 Nc4 0-1

[Event "XI Open Amateur de Calvia"]
[Site "Calvia - Mallorca"]
[Date "2014.10.06"]
[Round "3"]
[Board "29"]
[White "Miranda Gonzalez, Jose Luis"]
[Black "Bullock, Lee"]
[Result "0-1"]
[WhiteElo "1905"]
[BlackElo "1486"]
[PlyCount "62"]
[EventDate "2014.10.04"]
[EventRounds "9"]
[EventCountry "ESP"]

1. e4 c5 2. c3 d5 3. exd5 Qxd5 4. d4 Nc6 5. Nf3 Nf6 6. Be2 Bf5 7. dxc5 e6 8.
Qxd5 Nxd5 9. Nd4 Bxc5 10. Nxf5 exf5 11. Bf3 O-O-O 12. O-O h6 13. b4 Ndxb4 14.
cxb4 Bd4 15. Bf4 Bxa1 16. b5 Ne5 17. Nd2 Bb2 18. Bxe5 Bxe5 19. Nc4 f6 20. Ne3
g6 21. Nd5 Rd7 22. a4 g5 23. g3 g4 24. Bg2 h5 25. Ne3 f4 26. gxf4 Bxf4 27. Nd5
Be5 28. f4 Bd4+ 29. Kh1 Rhd8 30. Rc1+ Kb8 31. Nb4 Be3 0-1

[Event "XI Open Amateur de Calvia"]
[Site "Calvia - Mallorca"]
[Date "2014.10.06"]
[Round "3"]
[Board "30"]
[White "Hardwick, A William"]
[Black "Nettleton, Charlie B"]
[Result "0-1"]
[WhiteElo "1451"]
[BlackElo "1899"]
[PlyCount "58"]
[EventDate "2014.10.04"]
[EventRounds "9"]
[EventCountry "ESP"]

1. e4 d5 2. exd5 Qxd5 3. Nc3 Qa5 4. Nf3 Nf6 5. Be2 Bf5 6. O-O e6 7. a3 c6 8. b4
Qc7 9. Bb2 Bd6 10. Bc4 Nbd7 11. Ne2 Bg4 12. Ng3 h5 13. h3 Bxg3 14. fxg3 Bxh3
15. Qe1 Bg4 16. Ne5 Qb6+ 17. d4 Nxe5 18. Qxe5 O-O-O 19. c3 h4 20. Be2 Rd5 21.
Qe3 Bxe2 22. Qxe2 hxg3 23. Rf3 Qc7 24. Qe3 Ng4 25. Qe4 Nf2 26. Rxf2 gxf2+ 27.
Kxf2 Rf5+ 28. Ke2 Qg3 29. Kd1 Rf2 0-1

[Event "XI Open Amateur de Calvia"]
[Site "Calvia - Mallorca"]
[Date "2014.10.06"]
[Round "3"]
[Board "32"]
[White "Cerdo Fernandez, Miguel"]
[Black "Veras Sanz, Jose Antonio"]
[Result "1-0"]
[WhiteElo "1911"]
[BlackElo "1667"]
[PlyCount "43"]
[EventDate "2014.10.04"]
[EventRounds "9"]
[EventCountry "ESP"]

1. e4 c5 2. Nf3 Nc6 3. d4 cxd4 4. Nxd4 e5 5. Nb5 a6 6. Nd6+ Bxd6 7. Qxd6 Qf6 8.
Qd1 Qg6 9. Nc3 d5 10. Nxd5 Qxe4+ 11. Be3 Nd4 12. Nc7+ Ke7 13. Qd3 Nxc2+ 14. Kd2
Qxd3+ 15. Bxd3 Nxe3 16. Nxa8 Nd5 17. Rac1 Kd7 18. Be4 Nge7 19. Rhd1 f5 20. Bxd5
Nxd5 21. Ke2 Kd6 22. Rxd5+ 1-0

[Event "XI Open Amateur de Calvia"]
[Site "Calvia - Mallorca"]
[Date "2014.10.06"]
[Round "3"]
[Board "34"]
[White "Birkestrand, Odd"]
[Black "Lichii, Elizaveta"]
[Result "1/2-1/2"]
[WhiteElo "1830"]
[BlackElo "1593"]
[PlyCount "34"]
[EventDate "2014.10.04"]
[EventRounds "9"]
[EventCountry "ESP"]

1. e4 c5 2. c3 e6 3. Nf3 d5 4. exd5 exd5 5. Be2 Nf6 6. O-O a6 7. d4 Bd6 8. dxc5
Bxc5 9. Nbd2 O-O 10. Nb3 Bd6 11. Bg5 Nbd7 12. Rc1 h6 13. Be3 Nb6 14. Qd4 Be7
15. h3 Re8 16. Bd3 Ne4 17. Rfd1 Bd7 1/2-1/2

[Event "XI Open Amateur de Calvia"]
[Site "Calvia - Mallorca"]
[Date "2014.10.06"]
[Round "3"]
[Board "36"]
[White "Nesse, David"]
[Black "Nicholson, John"]
[Result "0-1"]
[WhiteElo "1450"]
[BlackElo "1781"]
[PlyCount "46"]
[EventDate "2014.10.04"]
[EventRounds "9"]
[EventCountry "ESP"]

1. e4 e6 2. d4 d5 3. e5 c5 4. c3 Nc6 5. Nf3 Nge7 6. Bd3 Ng6 7. O-O Be7 8. b3
O-O 9. Ba3 b6 10. Nbd2 f6 11. Qc2 f5 12. Bb5 Bd7 13. Rfe1 Rc8 14. dxc5 bxc5 15.
h4 Nb4 16. cxb4 cxb4 17. Qd3 bxa3 18. Ba6 Rb8 19. g3 f4 20. h5 fxg3 21. fxg3
Nh8 22. Qd4 Qa5 23. Bd3 Bc5 0-1

[Event "XI Open Amateur de Calvia"]
[Site "Calvia - Mallorca"]
[Date "2014.10.06"]
[Round "3"]
[Board "38"]
[White "Ferrer Mygina, Juan"]
[Black "Carranza Pons, Ricardo Nelson"]
[Result "1-0"]
[WhiteElo "1567"]
[BlackElo "1715"]
[PlyCount "47"]
[EventDate "2014.10.04"]
[EventRounds "9"]
[EventCountry "ESP"]

1. e4 e5 2. d4 exd4 3. Qxd4 Nc6 4. Qe3 Bb4+ 5. Nc3 Nge7 6. Bd2 O-O 7. O-O-O Ng6
8. Bd3 Nce5 9. f4 Nxd3+ 10. cxd3 Re8 11. f5 Ne5 12. Qg3 Kh8 13. Nge2 a5 14.
Rhf1 Ra6 15. Nf4 Bf8 16. Nh5 f6 17. Nd5 c6 18. Bh6 Ng6 19. Ndf4 gxh6 20. fxg6
Qe7 21. gxh7 Qc5+ 22. Kb1 Qg5 23. Nxf6 Qxg3 24. hxg3 1-0